Valtiot, joilla on sama nimi suomeksi ja hollanniksi - Statistics

Yleistilastot
  • Tätä visaa on pelattu 17 kertaa
  • Keskiarvotulos 39 / 79
Vastaustilastot
Maanosa Valtio % Oikein
Eurooppa Luxemburg
77%
Eurooppa San Marino
77%
Etelä-Amerikka Ecuador
69%
Eurooppa Liechtenstein
69%
Eurooppa Monaco
69%
Oseania Nauru
69%
Oseania Palau
69%
Etelä-Amerikka Peru
69%
Oseania Tuvalu
69%
Etelä-Amerikka Uruguay
69%
Afrikka Angola
62%
Etelä-Amerikka Bolivia
62%
Pohjois-Amerikka Dominica
62%
Pohjois-Amerikka El Salvador
62%
Etelä-Amerikka Guyana
62%
Afrikka Liberia
62%
Afrikka Madagaskar
62%
Aasia Oman
62%
Etelä-Amerikka Paraguay
62%
Aasia Qatar
62%
Etelä-Amerikka Suriname
62%
Etelä-Amerikka Venezuela
62%
Eurooppa Andorra
54%
Pohjois-Amerikka Belize
54%
Afrikka Benin
54%
Pohjois-Amerikka Costa Rica
54%
Afrikka Ghana
54%
Pohjois-Amerikka Grenada
54%
Pohjois-Amerikka Honduras
54%
Aasia Israel
54%
Aasia Jemen
54%
Aasia Libanon
54%
Afrikka Malawi
54%
Afrikka Mali
54%
Pohjois-Amerikka Nicaragua
54%
Aasia Pakistan
54%
Pohjois-Amerikka Panama
54%
Oseania Samoa
54%
Aasia Singapore
54%
Oseania Tonga
54%
Oseania Vanuatu
54%
Aasia Bangladesh
46%
Afrikka Botswana
46%
Afrikka Burundi
46%
Afrikka Gabon
46%
Pohjois-Amerikka Guatemala
46%
Oseania Kiribati
46%
Afrikka Marokko
46%
Afrikka Mauritius
46%
Aasia Nepal
46%
Afrikka Niger
46%
Afrikka Nigeria
46%
Eurooppa Romania
46%
Pohjois-Amerikka Saint Lucia
46%
Aasia Sri Lanka
46%
Aasia Taiwan
46%
Afrikka Togo
46%
Aasia Vietnam
46%
Pohjois-Amerikka Barbados
38%
Aasia Bhutan
38%
Aasia Brunei
38%
Afrikka Burkina Faso
38%
Afrikka Gambia
38%
Pohjois-Amerikka Haiti
38%
Afrikka Kenia
38%
Aasia Laos
38%
Afrikka Lesotho
38%
Eurooppa Malta
38%
Afrikka Sierra Leone
38%
Afrikka Eritrea
31%
Eurooppa Montenegro
31%
Afrikka Senegal
31%
Aasia Turkmenistan
31%
Afrikka Eswatini
23%
Aasia Irak
23%
Aasia Iran
23%
Eurooppa Kosovo
23%
Aasia Myanmar
23%
Afrikka Zimbabwe
23%
Ehtoja vastaavia visoja ei löytynyt
Tulosjakauma
Jokaisen tuloksen saaneiden osuus
Persentiili vastausten määrän mukaan
Tuloshistoriasi
Et ole pelannut tätä visaa